Fever Dream - Alex Warren (All Lyrics) - Statistics

General Stats
  • This quiz has been taken 38 times
  • The average score is 203 of 248
Answer Stats
Answer % Correct
a
100%
the
100%
The
100%
I
96%
like
96%
Like
96%
me
96%
My
96%
my
96%
to
96%
dream
93%
fever
93%
so
93%
Somethin
93%
somethin
93%
that
93%
That
93%
uh
93%
you
93%
bout
89%
chest
89%
day
89%
hit
89%
in
89%
met
89%
room
89%
second
89%
train
89%
walked
89%
we
89%
freight
86%
Left
86%
loneliness
86%
if
79%
I'm
79%
think
79%
was
79%
be
75%
don't
75%
for
75%
Haven't
75%
huh
75%
love
75%
of
75%
our
75%
seeing
75%
things
75%
time
75%
us
75%
weeks
75%
clothes
71%
damned
71%
heart
71%
I'll
71%
it
71%
out
71%
shadows
71%
slept
71%
dancing
68%
did
68%
How
68%
know
68%
sign?
68%
close
64%
it's
64%
no
64%
closing
61%
ain't
57%
hoping
57%
Maybe
57%
Baby
54%
can't
54%
liar
54%
Oh
54%
silhouette
54%
Told
54%
fate
50%
foot
50%
forget
50%
on
50%
One
50%
Watching
50%
edge
46%
dreams
43%
your
32%
late
29%
haunting
25%
leave's
25%
No matching quizzes found
Score Distribution
Percent of People with Each Score
Percentile by Number Answered
Your Score History
You have not taken this quiz